Biblioteca

Introduccion al antiguo testamento / (Registro nro. 43674)

Detalles MARC
000 -LÍDER
Campo fijo de descripción fija 01081nam a2200301 i 4500
001 - NÚMERO DE CONTROL
Campo de control 192001363
003 - IDENTIFICADOR DEL NÚMERO DE CONTROL
Campo de control OCoLC
005 - FECHA Y HORA DE LA ULTIMA TRANSACCIÓN
control field 20180906120724.0
008 - ELEMENTOS DE LONGITUD FIJA -- INFORMACIÓN GENERAL
Campo fijo de descripción fija -- Información general 080213t20072007miua b 001 0 eng
020 ## - NÚMERO INTERNACIONAL NORMALIZADO PARA LIBROS
Número Internacional Normalizado del libro 9781558830349
020 ## - NÚMERO INTERNACIONAL NORMALIZADO PARA LIBROS
Número Internacional Normalizado del libro 1558830340
040 ## - FUENTE DE CATALOGACIÓN
Agencia de catalogación original EXC
Agencia que realiza la modificación CAP
-- UtOrBLW
Idioma de catalogación spa
Agencia que realiza la transcripción CO-MdFUSB
Convenciones de la descripción rda
041 1# - CÓDIGO DE IDIOMA
Código de idioma para texto/pista de sonido o título separado spa
Código de idioma original eng
082 ## - NÚMERO DE CLASIFICACIÓN DECIMAL DEWEY
Número de la edición del Dewey 22
Número de clasificación 221.61
Clave de autor-Numero de item L856
100 1# - ASIENTO PRINCIPAL--NOMBRE PERSONAL
Nombre personal Longman, Tremper.
Término relacionador autor
240 10 - TITULO UNIFORME
Título uniforme <a href="An introduction to the Old Testament.">An introduction to the Old Testament.</a>
245 00 - TÍTULO
Título del Material Introduccion al antiguo testamento /
Mención de responsabilidad, etc. Tremper Longman , Raymond B. Dillard ; [traductor: Jose Maria Blanch].
264 #1 - PRODUCCIÓN, PUBLICACIÓN, DISTRIBUCIÓN, MANUFACTURA, Y COPYRIGHT
Lugar de producción, publicación, distribución, manufactura Grand Rapids, Mich. :
Nombre del productor, publicador, distribuidor Libros Desafio,
Fecha de producción, publicación, distribución, manufactura, o copyright [2007]
264 #4 - PRODUCCIÓN, PUBLICACIÓN, DISTRIBUCIÓN, MANUFACTURA, Y COPYRIGHT
Fecha de producción, publicación, distribución, manufactura, o copyright 2007.
300 ## - DESCRIPCIÓN FÍSICA
Extensión 656 páginas :
Otros detalles físicos ilustraciones ;
Dimensiones 23 cm.
336 ## - TIPO DE CONTENIDO
Término de tipo de contenido texto
Código de tipo de contenido txt
Fuente rdacontent.
337 ## - TIPO DE MEDIO
Nombre del tipo de medio sin mediación
Código del tipo de medio n
Fuente rdamedia.
338 ## - TIPO DE SOPORTE
Nombre del tipo de soporte volumen
Código Tipo de soporte nc
Fuente rdacarrier.
534 ## - NOTA DE VERSION ORIGINAL
Publicación, distribución, etc. del original An introduction to the Old Testament, c1994, 2006.
Frase introductoria traducción de:
630 07 - TITULO UNIFORME
Título uniforme Biblia.
Nombre de parte o sección de la obra Nuevo Testamento
Subdivisión de forma Introducción.
700 1# - ASIENTO SECUNDARIO - NOMBRE PERSONAL
Nombre personal Dillard, Raymond B.
Fuller form of name (Raymond Bryan),
Fechas asociadas con el nombre 1944-1993.
Responsabilidad autor
942 ## - TIPO DE MATERIAL (KOHA)
Tipo de Item KOHA Libros General
Existencias
Estado de Material Estado de Perdido Forma de Clasificación Estado de Dañado No para Préstamo Colección Biblioteca de Origen Biblioteca Permanente Fecha de Adquisición Total de Préstamos Total de Renovaciones Signatura Topográfica Código de Barras Última vez visto Última vez Préstado Ejemplar/Existencia Fecha de Remplazo Tipo de Material Forma de Adquisición
    Dewey Decimal Classification     Colección General Biblioteca FUSBC Biblioteca FUSBC 04/04/2008 42 5 G 221.61 L856i 16891 09/04/2026 27/03/2026 Ej. 1 26/01/2016 Libros General  
    Dewey Decimal Classification     Colección General Biblioteca FUSBC Biblioteca FUSBC 06/09/2018 32 26 G 221.61 L856i 21919 19/03/2026 09/02/2026 Ej. 2 26/01/2016 Libros General Donación TBN

Biblioteca FUSBC | Teléfono: (57+4) 349 88 10 Ext. 141| WhatsApp (+57) 3005338115 
E-mail: biblioteca@unisbc.edu.co | Calle 76 87-14 Robledo Palenque, Medellín, Colombia

Con tecnología Koha